| 000 | 00964naa a2200265 4500 | ||
|---|---|---|---|
| 005 | 20090526145937.0 | ||
| 008 | 080822t xxu||||| |||| 00| 0 eng d | ||
| 010 | _aENG-93741 | ||
| 020 |
_a8176485322 _c495.00 |
||
| 020 |
_a9788176485326 _c495.00 |
||
| 035 | _aEN-77274 | ||
| 037 | _bDBAD / PUB | ||
| 040 |
_adpl _bEnglish |
||
| 082 | _a574.5 | ||
| 100 | _aTrivedi, P.R. | ||
| 245 |
_aEcology and environment / _cby P.R. Trivedi |
||
| 260 |
_aNew Delhi _bAPH Publishing Corporatioon _c2009 |
||
| 270 |
_a4435-36/7, Ansari Road, Darya Ganj _bNew Delhi _e110 002 _maphbooks@vsnl.net _k011 23274050 |
||
| 300 |
_avi, 202p. _b22cm(Hb) |
||
| 500 | _aIncludes index | ||
| 650 | _aEcology | ||
| 650 | _aEnvironment sciences | ||
| 942 |
_adpl _cEN _2ddc _h574.5 _mTRI |
||
| 999 |
_c26820 _d26820 |
||